000 00915nam a22002777a 4500
003 URS
005 20240716192552.0
008 240606t2019 usa||||| |||| 00| 0 eng d
020 _a9781633697195
040 _aDLC
_beng
_cDLC
_dDLC
_dURS
_erda
082 _a658
_bH2611 2019
100 _aWilliams, Joan C.
245 _aHBR'S 10 Must Reads :
_bThe definitive management ideas of trhe year from Harvard Business Review./
_cJoan C. Williams, Suzanne Lebsock
264 _aBoston, Massachusetts :
_bHarvard Business Review Press,
_c[2019]
300 _axii, 282 pages;
_c20 cm.
336 _2rdacontent
_atext
_btxt
337 _2rdamedia
_aunmediated
_bn
338 _2rdacarrier
_avolume
_bnc
504 _aIncludes index.
650 _aManagement
650 _aBusiness leadership
650 _aStrategic management
650 _aOrganizational effectiveness
700 _aLebsock, Suzanne
942 _2ddc
_cFR
999 _c79959
_d79958